EA FC26 All Gold Spain Players - Statistics

General Stats
  • This quiz has been taken 51 times
  • The average score is 73 of 197
Answer Stats
Rate Club Answer % Correct
89 Barcelona Lamine Yamal
98%
86 Athletic Club Nico Williams
98%
89 Barcelona Pedri
98%
90 Man City Rodri
98%
87 Arsenal David Raya
95%
85 Real Madrid Dani Carvajal
93%
85 PSG Fabian Ruiz
93%
85 Athletic Club Unai Simon
90%
83 Barceclona Gavi
88%
84 Chelsea Marc Cucurella
88%
85 Barcelona Dani Olmo
85%
83 Leverkusen Aleix Garcia
83%
83 Barcelona Alex Balde
83%
80 Rayo Vallecano Alvaro Garcia
83%
75 Olympiacos Dani Garcia
83%
85 Fiorentina David de Gea
83%
79 Barcelona Eric Garcia
83%
79 Real Madrid Fran Garcia
83%
83 Barcelona Joan Garcia
83%
76 Espanyol Kike Garcia
83%
83 Arsenal Mikel Merino
83%
78 Osasuna Ruben Garcia
83%
83 Barcelona Ferran Torres
80%
83 Arsenal Martin Zubimendi
80%
80 Aston Villa Pau Torres
80%
84 Leverkusen Alex Grimaldo
78%
81 Atletico Madrid Koke
78%
84 Atletico Madrid Marcos Llorente
78%
82 Athletic Club Aymeric Laporte
76%
82 Barcelona Pau Cubarsi
76%
80 Real Betis Diego Llorente
73%
83 Celta Iago Aspas
73%
84 Real Betis Isco
73%
77 Girona Ivan Martin
73%
85 Al Nassr Inigo Martinez
71%
79 Girona Arnau Martinez
66%
80 Barcelona Fermin Lopez
66%
75 Inter Josep Martinez
66%
82 Spurs Pedro Porro
66%
81 Villarreal Gerard Moreno
63%
82 Real Sociedad Mikel Oyarzabal
63%
84 Athletic Club Oscar Sancet
63%
83 Atletico Madrid Robin Le Normand
63%
80 Inter Miami Sergio Busquets
63%
75 Como Alberto Moreno
61%
77 Girona Alex Moreno
61%
81 Como Alvaro Morata
61%
77 Girona David Lopez
61%
78 Valencia Diego Lopez
61%
78 Inter Miami Jordi Alba
61%
75 Sevilla Juanlu Sanchez
61%
75 Levante Manu Sanchez
61%
79 Real Betis Pau Lopez
61%
78 Chelsea Robert Sanchez
61%
76 Rayo Vallecano Unai Lopez
61%
84 Athletic Club Vivian
61%
84 Atletico Madrid Alex Baena
54%
83 Real Sociedad Alex Remiro
54%
82 Real Madrid Dean Huijsen
51%
79 Arsenal Kepa
51%
82 Al Qadsiah Nacho Fernandez
51%
77 Arsenal Cristhian Mosquera
49%
81 Real Madrid Dani Ceballos
49%
80 Fenerbahce Marco Asensio
49%
82 Atletico Madrid Pablo Barrios
49%
80 Real Madrid Alvaro Carreras
46%
82 Villarreal Dani Parejo
46%
79 Man City Nico Gonzalez
46%
80 Crystal Palace Yeremy Pino
46%
83 Villarreal Ayoze Perez
44%
77 Osasuna Moi Gomez
44%
77 Real Madrid Raul Asencio
44%
79 Barcelona Marc Casado
41%
77 Lazio Pedro
41%
79 Real Sociedad Sergio Gomez
41%
76 Braga Victor Gomez
41%
82 Athletic Club Alex Berenguer
39%
76 Mallorca Dani Rodriguez
39%
81 Getafe David Soria
39%
76 Celta Javi Rodriguez
39%
78 Girona Bryan Gil
37%
79 New England Carles Gil
37%
81 Mallorca Sergi Darder
37%
75 Monaco Ansu Fati
34%
80 Celta Oscar Mingueza
34%
78 Boca Juniors Ander Herrera
32%
81 Real Sociedad Brais Mendez
32%
81 Rayo Vallecano Isi Palazon
32%
81 Napoli Miguel Gutierrez
32%
80 LA Galaxy Riqui Puig
32%
79 FC Porto Samu
32%
77 Como Sergi Roberto
32%
79 Athletic Club Yuri Berchiche
32%
79 Athletic Club Guruzeta
29%
81 Valencia Jose Gaya
29%
79 Lazio Mario Gila
29%
80 AS Roma Mario Hermoso
29%
75 Rayo Vallecano Pedro Diaz
29%
77 Valencia Pepelu
29%
79 Osasuna Sergio Herrera
29%
76 Fulham Adama Traore
27%
79 AS Roma Angelino
27%
80 Celta Borja Iglesias
27%
77 Real Sociedad Carlos Soler
27%
76 FC Porto Gabri Veiga
27%
78 Valencia Hugo Duro
27%
80 Atletico Madrid Javi Galan
27%
79 Celta Marcos Alonso
27%
78 Real Sociedad Zubeldia
27%
78 Athletic Club Aitor Paredes
24%
79 Getafe Luis Milla
24%
75 Real Oviedo Santi Cazorla
24%
75 Real Sociedad Aihen Munoz
22%
77 Osasuna Aimar Oroz
22%
75 Levante Carlos Alvarez
22%
76 Celta Hugo Alvarez
22%
77 Valencia Javi Guerra
22%
76 Getafe Javi Munoz
22%
77 Real Betis Rodrigo Riquelme
22%
79 Villarreal Alberto Moleiro
20%
77 Getafe Borja Mayoral
20%
77 Celta Bryan Zaragoza
20%
76 Elche Inaki Pena
20%
78 Athletic Club Jauregizar
20%
77 Mallorca Leo Roman
20%
79 Real Betis Marc Bartra
20%
79 Real Betis Alvaro Valles
17%
76 Athletic Club Areso
17%
75 Espanyol Carlos Romero
17%
75 Las Palmas Mika Marmol
17%
78 Espanyol Puado
17%
81 Mallorca Raillo
17%
78 Alaves Carlos Vicente
15%
77 Villarreal Diego Conde
15%
75 Celta Ferran Jutgla
15%
78 Celta Fran Beltran
15%
75 R. Racing Club Inigo Vicente
15%
76 Leganes Juan Cruz
15%
78 Real Betis Marc Roca
15%
76 Ajax Raul Moro
15%
77 Real Betis Aitor Ruibal
12%
78 Athletic Club Benat Prados
12%
78 Werder Bremen Cameron Puertas
12%
75 Valencia Copete
12%
78 Rayo Vallecano De Frutos
12%
77 Getafe Diego Rico
12%
75 Lille Matias Fernandez-Pardo
12%
78 Osasuna Moncayola
12%
75 Lazio Patric
12%
76 Girona Portu
12%
77 Espanyol Ramon Terrats
12%
78 Villarreal Santi Comesana
12%
79 Villarreal Sergi Cardona
12%
75 Real Oviedo Aaron
10%
77 Osasuna Aitor
10%
76 Sevilla Carmona
10%
79 Osasuna Catena
10%
75 Valencia Cesar Tarrega
10%
77 Mallorca Manu Morlanes
10%
77 Ettifaq Medran
10%
76 Barcelona Oriol Romeu
10%
78 Rayo Vallecano Oscar Valentin
10%
79 Real Betis Pablo Fornals
10%
75 Villarreal Pedraza
10%
77 Charlotte Pep Biel
10%
76 Alaves Sivera
10%
77 Cadiz Suso
10%
76 Deportivo Coruna Yeremay
10%
75 Osasuna Abel Bretones
7%
77 Real Betis Altimira
7%
75 FC Porto Borja Sainz
7%
76 Valencia Dani Raba
7%
75 Espanyol Edu Exposito
7%
77 Athletic Club Gorosabel
7%
76 Sevilla Joan Jordan
7%
78 Osasuna Lucas Torro
7%
77 Rayo Vallecano Pep Chavarria
7%
75 Espanyol Pol Lozano
7%
76 Hellas Verona Unai Nunez
7%
75 Elche Adria Pedrosa
5%
76 Valencia Agirrezabala
5%
76 Alaves Ander Guevara
5%
77 Real Sociead Barranetxea
5%
75 Celta Carreira
5%
75 Girona Frances
5%
76 Bologna Juan Miranda
5%
75 Leganes Juan Soriano
5%
75 Sevilla Kike Salas
5%
76 Las Palmas Kirian
5%
75 Athletic Club Lekue
5%
78 Valencia Luis Rioja
5%
80 Athletic Club Ruiz de Galaretta
5%
76 Sevilla Alfon
2%
77 Real Sociedad Aritz Elustundo
2%
75 Rayo Vallecano Dani Cardenas
2%
75 Las Palmas Sandro
2%
75 Getade Kiko Femenia
0%
No matching quizzes found
Score Distribution
Percent of People with Each Score
Percentile by Number Answered
Your Score History
You have not taken this quiz